Digital Marketing: Strategy & Tactics (Record no. 12562)
[ view plain ]
| 000 -LEADER | |
|---|---|
| fixed length control field | 00433nam a22001697a 4500 |
| 003 - CONTROL NUMBER IDENTIFIER | |
| control field | OSt |
| 008 - FIXED-LENGTH DATA ELEMENTS--GENERAL INFORMATION | |
| fixed length control field | 240427b |||||||| |||| 00| 0 eng d |
| 020 ## - INTERNATIONAL STANDARD BOOK NUMBER | |
| International Standard Book Number | 9789390395491 |
| 082 ## - DEWEY DECIMAL CLASSIFICATION NUMBER | |
| Classification number | 658.872 KAD |
| 100 ## - MAIN ENTRY--PERSONAL NAME | |
| Personal name | KAGAN, Jeremy and SINGH, Siddharth Shekhar |
| 245 ## - TITLE STATEMENT | |
| Title | Digital Marketing: Strategy & Tactics |
| 250 ## - EDITION STATEMENT | |
| Edition statement | Ist. ed. |
| 260 ## - PUBLICATION, DISTRIBUTION, ETC. (IMPRINT) | |
| Place of publication, distribution, etc | New Delhi, |
| Name of publisher, distributor, etc | Wiley, |
| Date of publication, distribution, etc | 2021 |
| 300 ## - PHYSICAL DESCRIPTION | |
| Extent | 299 p. |
| 650 ## - SUBJECT ADDED ENTRY--TOPICAL TERM | |
| Topical term or geographic name as entry element | BBA(DM) |
| 942 ## - ADDED ENTRY ELEMENTS (KOHA) | |
| Source of classification or shelving scheme | Dewey Decimal Classification |
| Koha item type | Text Books |
| Withdrawn status | Lost status | Source of classification or shelving scheme | Damaged status | Not for loan | Collection code | Home library | Current library | Date acquired | Source of acquisition | Currency | Cost, normal purchase price | Bill Number | Total Checkouts | Full call number | Acc. no. / Barcode | Date last seen | Actual Cost, discounted price | Bill Date | Koha item type | Date last borrowed |
|---|---|---|---|---|---|---|---|---|---|---|---|---|---|---|---|---|---|---|---|---|
| Dewey Decimal Classification | BBA(DIGITAL MARKETING) | PIET C-LIBRARY | PIET C-LIBRARY | 30/03/2024 | Zafaa Books & Distributors | In Rupees | 589.00 | ZBD0012 | 658.872 KAD | 37069 | 27/04/2024 | 561.50 | 30/03/2024 | Reference Books | ||||||
| Dewey Decimal Classification | BBA(DIGITAL MARKETING) | PIET C-LIBRARY | PIET C-LIBRARY | 30/03/2024 | Zafaa Books & Distributors | In Rupees | 589.00 | ZBD0012 | 658.872 KAD | 37070 | 27/04/2024 | 561.50 | 30/03/2024 | Text Books | ||||||
| Dewey Decimal Classification | BBA(DIGITAL MARKETING) | PIET C-LIBRARY | PIET C-LIBRARY | 30/03/2024 | Zafaa Books & Distributors | In Rupees | 589.00 | ZBD0012 | 1 | 658.872 KAD | 37071 | 17/10/2025 | 561.50 | 30/03/2024 | Text Books | 08/10/2025 | ||||
| Dewey Decimal Classification | BBA(DIGITAL MARKETING) | PIET C-LIBRARY | PIET C-LIBRARY | 30/03/2024 | Zafaa Books & Distributors | In Rupees | 589.00 | ZBD0012 | 1 | 658.872 KAD | 37072 | 21/01/2026 | 561.50 | 30/03/2024 | Text Books | 13/08/2025 | ||||
| Dewey Decimal Classification | BBA(DIGITAL MARKETING) | PIET C-LIBRARY | PIET C-LIBRARY | 30/03/2024 | Zafaa Books & Distributors | In Rupees | 589.00 | ZBD0012 | 1 | 658.872 KAD | 37073 | 09/10/2025 | 561.50 | 30/03/2024 | Text Books | 08/10/2025 |